00234nam a2200109Ia 4500100001900000654001700019245002800036260002500064082001500089300000800104546001200112 aVrat/ Sardana  aproductivity aProductivity Management bNarosaaLondonc1998 a658.4bVRA a300 aENGLISH